[Event "Litomerice 1st"]
[Site "Litomerice"]
[Date "1986.08.28"]
[Round "4"]
[White "Moehring, Guenther"]
[Black "Gerogiannis, Christodoulos"]
[Result "1-0"]
[WhiteElo "2310"]
[BlackElo "2310"]
[PlyCount "65"]
[EventDate "1986.08.26"]
[EventType "tourn"]
[EventRounds "11"]
[EventCountry "CSR"]
[EventCategory "3"]
[SourceTitle "EXT 2010"]
[Source "ChessBase"]
[SourceDate "2010.11.25"]
[SourceVersion "1"]
[SourceVersionDate "2010.11.25"]
[SourceQuality "1"]

1. Nf3 Nf6 2. c4 c5 3. g3 b6 4. Bg2 Bb7 5. 0-0 e6 6. Nc3 Be7 7. d4 cxd4 8. Qxd4 d6 9. Rd1 a6 10. b3 Nbd7 11. e4 0-0 12. Ba3 Nc5 13. e5 dxe5 14. Qxd8 Rfxd8 15. Nxe5 Bxg2 16. Kxg2 Bf8 17. Bxc5 Bxc5 18. Na4 Bd4 19. Nc6 Bxa1 20. Nxd8 Kf8 21. Nxb6 Rb8 22. c5 Bb2 23. b4 Bc3 24. a3 g5 25. Rd3 Bb2 26. a4 Kg7 27. Nc6 Rb7 28. b5 axb5 29. a5 Nd5 30. Nxd5 exd5 31. a6 Rc7 32. a7 Rc8 33. Nb8 1-0

[Event "ECI op U20 8th"]
[Site "Eeklo"]
[Date "1981.08.??"]
[Round "3"]
[White "Bezsilko, Philippe"]
[Black "Gerogiannis, Christodoulos"]
[Result "1/2-1/2"]
[WhiteElo "2060"]
[BlackElo "2165"]
[PlyCount "81"]
[EventDate "1981.08.??"]
[EventType "swiss"]
[EventRounds "9"]
[EventCountry "BEL"]
[SourceTitle "EXT 2021"]
[Source "ChessBase"]
[SourceDate "2020.10.23"]
[SourceVersion "1"]
[SourceVersionDate "2020.10.23"]
[SourceQuality "1"]

1. e4 c5 2. Nf3 Nc6 3. d4 cxd4 4. Nxd4 g6 5. Nc3 Nf6 6. Be3 Bg7 7. Be2 0-0 8. Nb3 d6 9. 0-0 Be6 10. f4 Qc8 11. h3 Rd8 12. Bd3 Nb4 13. Nd4 Bc4 14. a3 Na6 15. Qe2 Bxd3 16. cxd3 Nh5 17. Qf2 Nc5 18. Rad1 Rd7 19. f5 b6 20. Nde2 Qa6 21. fxg6 fxg6 22. Qf7+ Kh8 23. Qd5 Re8 24. d4 e6 25. Qg5 Nxe4 26. Nxe4 Qxe2 27. Rd2 h6 28. Qxh6+ Bxh6 29. Rxe2 d5 30. Bxh6 dxe4 31. Bf4 Nxf4 32. Rxf4 Rxd4 33. Rfxe4 Rxe4 34. Rxe4 Kg7 35. Kf2 Kf6 36. Kf3 Rc8 37. Re2 Rc4 38. Re4 Rc2 39. Re2 Rc4 40. Re4 Rc2 41. Re2 1/2-1/2

[Event "ECI op U20 8th"]
[Site "Eeklo"]
[Date "1981.08.??"]
[Round "2"]
[White "Gerogiannis, Christodoulos"]
[Black "Michiels, Dirk"]
[Result "0-1"]
[WhiteElo "2165"]
[BlackElo "2028"]
[PlyCount "96"]
[EventDate "1981.08.??"]
[EventType "swiss"]
[EventRounds "9"]
[EventCountry "BEL"]
[SourceTitle "EXT 2021"]
[Source "ChessBase"]
[SourceDate "2020.10.23"]
[SourceVersion "1"]
[SourceVersionDate "2020.10.23"]
[SourceQuality "1"]

1. d4 e6 2. c4 f5 3. g3 Nf6 4. Bg2 Be7 5. Nc3 0-0 6. Qc2 d6 7. Nf3 Qe8 8. e4 fxe4 9. Nxe4 Qh5 10. 0-0 Nc6 11. d5 exd5 12. Nxf6+ Bxf6 13. cxd5 Bf5 14. Qc4 Qf7 15. Qb5 Nd8 16. Be3 a6 17. Qb3 c5 18. a4 Nc6 19. Bf4 Na5 20. Qa2 Bd3 21. Rfc1 Be4 22. Nd2 Bxg2 23. Kxg2 Bd4 24. Nf3 Be5 25. Nxe5 dxe5 26. Be3 c4 27. Rd1 Nb3 28. Rab1 b5 29. Qa3 Rad8 30. d6 Qb7+ 31. Kg1 b4 32. Qa2 a5 33. Rbc1 Qf3 34. Rd3 Qf7 35. Rxc4 Qxc4 36. Qxb3 Qxb3 37. Rxb3 Rxd6 38. Bc5 Rd1+ 39. Kg2 Rfd8 40. Bb6 R8d5 41. Re3 Kf7 42. Kf3 R1d2 43. b3 Ke6 44. Bc7 Rc2 45. Bb6 Rc6 46. Ba7 Ra6 47. Bb8 Rb6 48. Bc7 Rb7 0-1